New practice readers; T1 Book A

Wedi'i Gadw mewn:
Manylion Llyfryddiaeth
Prif Awdur: Stone, Clarence R
Fformat: Llyfr
Iaith:Undetermined
Cyhoeddwyd: New Yorrk McGraw-Hill 1960
Pynciau:
Tagiau: Ychwanegu Tag
Dim Tagiau, Byddwch y cyntaf i dagio'r cofnod hwn!
Thư viện lưu trữ: Trung tâm Học liệu Trường Đại học Cần Thơ
LEADER 00492nam a2200181Ia 4500
001 CTU_425
008 210402s9999 xx 000 0 und d
082 |a 428.0071 
082 |b S877/T.1 
100 |a Stone, Clarence R 
245 0 |a New practice readers; T1 
245 0 |b Book A 
245 0 |c Clarence R Stone 
260 |a New Yorrk 
260 |b McGraw-Hill 
260 |c 1960 
650 |a english language - study and teaching 
980 |a Trung tâm Học liệu Trường Đại học Cần Thơ